Statistiques concernant Culture Générale - Série 19

Cliquez ici pour prendre le quiz!

Statistiques générales

  • Ce quiz a été pris 2 207 fois
    (2 076 depuis la dernière actualisation)
  • Le résultat moyen est 6 sur 10

Statistiques - réponses

QuestionRéponse% Correct
Comment s'appelle le chien de Tintin ?Milou
98%
De quelle nationalité est Tintin ?Belge
92%
Quelle est la profession de Tintin ?Journaliste
83%
Qui est le créateur de Tintin ?Hergé
78%
Comment s'appelle la cantatrice des aventures de Tintin ?Castafiore
72%
Avec quelle écrivain Chopin a-t-il eu une relation amoureuse ?George Sand
43%
Où se trouve la ville de Constantine ?Algérie
42%
Dans quel pays se situe l'action du 1er album de Tintin ?Urss
37%
Qui était le chanteur du groupe « The Doors » ?Jim Morrison
35%
Dans l'imposture téléphonique du "Plombier" de Lafesse, au 45eme étage de quelle tour habite madame Ledoux ?Gentil
2%

Distribution des résultats

Percentile par nombre de réponses

% des personnes avec chaque résultat

Votre développement - résultats

Vous n’avez pas pris ce quiz depuis la dernière actualisation